| 000 | 00342cam a22001217a 4500 | ||
|---|---|---|---|
| 008 | 180718b1986 xxu||||| |||| 00| 0 eng d | ||
| 082 | _aB135x5453 V586s | ||
| 100 | _aVerghese, K.E. | ||
| 245 |
_aSocio-economic change in Kerala _cby K.E. Verghese |
||
| 260 |
_aNew Delhi _bAshish _c1986 |
||
| 300 | _a211p. | ||
| 650 | _aSociology, Rural - Kerala | ||
| 999 |
_c356235 _d356235 |
||